CONTEMPORARY ENGLISH

Gespeichert in:
Bibliographische Detailangaben
Körperschaft: Rossner, Richard
Format: Buch
Tags: Tag hinzufügen
Keine Tags, Fügen Sie das erste Tag hinzu!

MARC

LEADER 00000nam^a2200000^a^4500
001 000211903
005 20250521000000.0
009 20260310103437.331
035 |a 017687 
037 |a Acervo Xavier Clavigero 
082 |a 453.  |b ROS 
110 |a Rossner, Richard 
245 1 0 |a CONTEMPORARY ENGLISH 
264 |a DESCONOCIDO :  |b DESCONOCIDA,  |c 1982 
336 |a texto  |b txt  |2 rdacontenido 
337 |a sin mediación  |b n  |2 rdamedio 
338 |a volumen  |b nc  |2 rdasoporte 
649 |a XX 
910 |a Fondo General 
920 |a Impresos - Libros 
930 |a Colección General 
905 |a 101 
901 |a 017687  |b IT1  |c ACC  |i 017687  |u 20250521 
902 |a https://opac.biblio.iteso.mx/vufind/Record/000211903